000 00938nam a2200241Ia 4500
003 IN-BaIIA
008 211028s9999 xx 000 0 eng d
020 _a90-277-0149-0
040 _cIIA Library
080 _a082.2:52
_bIAU-S47
110 _aInternational Astronomical Union
111 _aInternational Astronomical Union Symposium
_n47th
_cUniversity of Newcastle-Upon-Tyne, England
_d1971 Mar. 22-26
_97210
245 4 _aThe Moon
_bproceedings from IAU symposium no. 47, held in the University of Newcastle-Upon-Tyne, England, March 22-26 , 1971
_cedited by Stanley Keith Runcorn and Harold Clayton Urey
260 _aDordrecht
_bD. Reidel Publishing
_c1972
300 _axvi, 471p.
490 _aIAU Symposium; no. 47
650 _aAstronomy and Astrophysics Thesaurus
650 _aMoon
650 _aSolar system
700 _aRuncorn, Stanley Keith., ed.
_97211
700 _aUrey, Harold Clayton., ed.
_97212
942 _cBK
999 _c4083
_d4083